000 00403nam a2200169Ia 4500
008 221030s9999 xx 000 0 und d
020 _a0074630006
041 _aEnglish
082 _a105.23
_bCha
100 _aS. J. Chapman
245 0 _aIntroduction to Fortran 90/95
_cby S. J. Chapman
250 _a1st
260 _bTMH
_aNew Delhi
_c1999
300 _a555
650 _aBE Computer
942 _cBK
999 _c3342
_d3342